000 00579nam a2200217Ia 4500
003 OSt
005 20220928135436.0
006 a|||||r|||| 00| 0
007 ta
008 220927b |||||||| |||| 00| 0 eng d
024 _a2208
037 _cTextual
040 _aSDCL
_cSDCL
_beng
041 _2eng
_aeng
082 _aX:51-8, K9
100 _aRathmell John M
_9490685
245 0 _aManaging the marketing function
_b Concepts,analysis and application
260 _c1969
942 _hX:51-8, K9
_cTEXL
_2CC
999 _c806019
_d806019